<?xml version="1.0" encoding="UTF-8"?>
<record
    xmlns:xsi="http://www.w3.org/2001/XMLSchema-instance"
    xsi:schemaLocation="http://www.loc.gov/MARC21/slim http://www.loc.gov/standards/marcxml/schema/MARC21slim.xsd"
    xmlns="http://www.loc.gov/MARC21/slim">

  <leader>01489nem0a2200337   4500</leader>
  <controlfield tag="001">RU\NLR\BIBL_A\011805906</controlfield>
  <controlfield tag="005">20250626133256.0</controlfield>
  <datafield tag="010" ind1=" " ind2=" ">
    <subfield code="a">978-5-699-87800-0</subfield>
    <subfield code="d">3 000 &#x44D;&#x43A;&#x437;.</subfield>
  </datafield>
  <datafield tag="021" ind1=" " ind2=" ">
    <subfield code="a">RU</subfield>
    <subfield code="b">&#x41A;&#x410;-&#x41F;-18-000057</subfield>
  </datafield>
  <datafield tag="035" ind1=" " ind2=" ">
    <subfield code="a">(NLR Aleph) 011805906</subfield>
  </datafield>
  <datafield tag="090" ind1=" " ind2=" ">
    <subfield code="a">11891486</subfield>
    <subfield code="c">11891486</subfield>
  </datafield>
  <datafield tag="100" ind1=" " ind2=" ">
    <subfield code="a">20180928d2018    |||y0rusy50      ca</subfield>
  </datafield>
  <datafield tag="101" ind1="0" ind2=" ">
    <subfield code="a">rus</subfield>
  </datafield>
  <datafield tag="102" ind1=" " ind2=" ">
    <subfield code="a">RU</subfield>
  </datafield>
  <datafield tag="120" ind1=" " ind2=" ">
    <subfield code="a">byy    xx||  </subfield>
  </datafield>
  <datafield tag="123" ind1="1" ind2=" ">
    <subfield code="a">&#x430;</subfield>
    <subfield code="b">80000</subfield>
  </datafield>
  <datafield tag="200" ind1="1" ind2=" ">
    <subfield code="a">&#x410;&#x432;&#x442;&#x43E;&#x43C;&#x43E;&#x431;&#x438;&#x43B;&#x44C;&#x43D;&#x430;&#x44F; &#x43A;&#x430;&#x440;&#x442;&#x430; &#x421;&#x430;&#x43D;&#x43A;&#x442;-&#x41F;&#x435;&#x442;&#x435;&#x440;&#x431;&#x443;&#x440;&#x433;&#x430; &#x441; &#x440;&#x430;&#x437;&#x432;&#x44F;&#x437;&#x43A;&#x430;&#x43C;&#x438;</subfield>
    <subfield code="b">&#x41A;&#x430;&#x440;&#x442;&#x44B;</subfield>
    <subfield code="g">&#x410;&#x432;&#x442;.-&#x441;&#x43E;&#x441;&#x442;.: &#x421;. &#x414;&#x435;&#x435;&#x432;.</subfield>
  </datafield>
  <datafield tag="206" ind1=" " ind2=" ">
    <subfield code="a">1:80 000; 800 &#x43C; &#x432; 1 &#x441;&#x43C;</subfield>
  </datafield>
  <datafield tag="210" ind1=" " ind2=" ">
    <subfield code="a">&#x41C;&#x43E;&#x441;&#x43A;&#x432;&#x430;</subfield>
    <subfield code="c">&#x42D;&#x43A;&#x441;&#x43C;&#x43E;</subfield>
    <subfield code="d">2018</subfield>
  </datafield>
  <datafield tag="215" ind1=" " ind2=" ">
    <subfield code="a">1 &#x43A;.</subfield>
    <subfield code="c">&#x446;&#x432;., &#x443;&#x43A;&#x430;&#x437;.</subfield>
    <subfield code="d">70&#x445;100 &#x441;&#x43C;., &#x441;&#x43B;&#x43E;&#x436;. 25&#x445;11 &#x441;&#x43C;</subfield>
  </datafield>
  <datafield tag="327" ind1="1" ind2=" ">
    <subfield code="a">&#x414;&#x43E;&#x43F;. &#x43A;&#x430;&#x440;&#x442;&#x44B;: &#x41C;&#x43E;&#x441;&#x442;&#x44B; &#x438; &#x440;&#x430;&#x437;&#x432;&#x44F;&#x437;&#x43A;&#x438; &#x446;&#x435;&#x43D;&#x442;&#x440;&#x430; &#x421;&#x41F;&#x431;.- 1:20 000; &#x421;&#x445;&#x435;&#x43C;&#x430; &#x43E;&#x441;&#x43D;&#x43E;&#x432;&#x43D;&#x44B;&#x445; &#x430;&#x432;&#x442;&#x43E;&#x43C;&#x430;&#x433;&#x438;&#x441;&#x442;&#x440;&#x430;&#x43B;&#x435;&#x439;.</subfield>
  </datafield>
  <datafield tag="509" ind1="0" ind2="1">
    <subfield code="7">ca</subfield>
    <subfield code="a">&#x421;&#x430;&#x43D;&#x43A;&#x442;-&#x41F;&#x435;&#x442;&#x435;&#x440;&#x431;&#x443;&#x440;&#x433;,</subfield>
    <subfield code="h">&#x433;&#x43E;&#x440;&#x43E;&#x434;</subfield>
    <subfield code="9">2633321</subfield>
    <subfield code="3">RU\NLR\auth_crt\55138</subfield>
  </datafield>
  <datafield tag="606" ind1="1" ind2=" ">
    <subfield code="a">&#x410;&#x432;&#x442;&#x43E;&#x43C;&#x43E;&#x431;&#x438;&#x43B;&#x44C;&#x43D;&#x44B;&#x435; &#x434;&#x43E;&#x440;&#x43E;&#x433;&#x438;</subfield>
    <subfield code="j">&#x41A;&#x430;&#x440;&#x442;&#x44B;</subfield>
    <subfield code="9">891147</subfield>
    <subfield code="3">RU\NLR\AUTH\661994</subfield>
  </datafield>
  <datafield tag="607" ind1=" " ind2=" ">
    <subfield code="a">&#x421;&#x430;&#x43D;&#x43A;&#x442;-&#x41F;&#x435;&#x442;&#x435;&#x440;&#x431;&#x443;&#x440;&#x433;, &#x433;&#x43E;&#x440;&#x43E;&#x434;</subfield>
    <subfield code="j">&#x41A;&#x430;&#x440;&#x442;&#x44B;</subfield>
    <subfield code="9">1114348</subfield>
    <subfield code="3">RU\NLR\AUTH\66440586</subfield>
  </datafield>
  <datafield tag="608" ind1=" " ind2=" ">
    <subfield code="a">&#x41A;&#x430;&#x440;&#x442;&#x44B; &#x430;&#x432;&#x442;&#x43E;&#x43C;&#x43E;&#x431;&#x438;&#x43B;&#x44C;&#x43D;&#x44B;&#x445; &#x434;&#x43E;&#x440;&#x43E;&#x433;</subfield>
    <subfield code="9">2294011</subfield>
    <subfield code="3">RU\NLR\AUTH\6601600943</subfield>
  </datafield>
  <datafield tag="608" ind1=" " ind2=" ">
    <subfield code="a">&#x41F;&#x43B;&#x430;&#x43D;&#x44B; &#x433;&#x43E;&#x440;&#x43E;&#x434;&#x43E;&#x432;</subfield>
    <subfield code="9">1238803</subfield>
    <subfield code="3">RU\NLR\AUTH\66188402</subfield>
  </datafield>
  <datafield tag="702" ind1=" " ind2="0">
    <subfield code="a">&#x414;&#x435;&#x435;&#x432;</subfield>
    <subfield code="b">&#x421;.</subfield>
    <subfield code="4">070</subfield>
  </datafield>
  <datafield tag="852" ind1=" " ind2=" ">
    <subfield code="a">NLR</subfield>
    <subfield code="b">&#x41A;</subfield>
    <subfield code="j">4-&#x41B; 4/623</subfield>
    <subfield code="m">18-57</subfield>
  </datafield>
  <datafield tag="942" ind1=" " ind2=" ">
    <subfield code="c">MAP</subfield>
  </datafield>
  <datafield tag="980" ind1=" " ind2=" ">
    <subfield code="a">NB</subfield>
  </datafield>
  <datafield tag="995" ind1=" " ind2=" ">
    <subfield code="5">2018-09-28</subfield>
    <subfield code="b">NLR02</subfield>
    <subfield code="c">NLR02</subfield>
    <subfield code="e">MAP</subfield>
    <subfield code="f">ERR-124814</subfield>
    <subfield code="k">&#x41A; 4-&#x41B; 4/623</subfield>
    <subfield code="o">0</subfield>
    <subfield code="r">MAP</subfield>
    <subfield code="s">_44623</subfield>
  </datafield>
</record>
